000 00974nam a2200253Ia 4500
999 _c55904
_d55904
001 23002
003 GE_BSU
005 20230623145326.0
008 181216s1998||||ge |||||||||||||| ||geo||
040 _cGE_BSU
041 _ageo
080 _a821.353.1.09 ჭ-46
100 _aჭილაძე, თამაზ
_918933
245 _aვარდის ფურცლობის ნიშანი /
_cთამაზ ჭილაძე ; რედ. ჯ. ხოფერია.
264 _aბათუმი :
_bაჭარა,
_c1998.
300 _a140 გვ. ;
_c20 სმ.
541 _h6 ლ.
653 _aვარდის ფურცლობის ნიშანი
653 _aრუსთაველი, შოთა
653 _a ვეფხისტყაოსანი
653 _aქართული ლიტერატურა
700 _aხოფერია, ჯ.
_eრედაქტორი
_918934
942 _cBK
_2udc